Welcome to WEB OPAC of MRSPTU Central Library

Utilisation of electric power (Record no. 5970)

MARC details
000 -LEADER
fixed length control field 00488nam a2200169Ia 4500
008 - FIXED-LENGTH DATA ELEMENTS--GENERAL INFORMATION
fixed length control field 230711s9999||||xx |||||||||||||| ||und||
020 ## - INTERNATIONAL STANDARD BOOK NUMBER
International Standard Book Number 978-81-224-3681-5
041 ## - LANGUAGE CODE
Language code of text/sound track or separate title ENG
082 ## - DEWEY DECIMAL CLASSIFICATION NUMBER
Classification number 621.3
Item number SU-U
100 ## - MAIN ENTRY--PERSONAL NAME
Personal name Suryanarayana,NV
245 #0 - TITLE STATEMENT
Title Utilisation of electric power
Remainder of title Including electric drives and electric traction
250 ## - EDITION STATEMENT
Edition statement 2nd . Ed.
260 ## - PUBLICATION, DISTRIBUTION, ETC.
Date of publication, distribution, etc. 2014
Place of publication, distribution, etc. New Delhi
Name of publisher, distributor, etc. New Age International Publishers
300 ## - PHYSICAL DESCRIPTION
Extent 362p.
650 ## - SUBJECT ADDED ENTRY--TOPICAL TERM
Topical term or geographic name entry element Electrical Engineering
942 ## - ADDED ENTRY ELEMENTS (KOHA)
Koha item type Book
Holdings
Withdrawn status Lost status Damaged status Not for loan Collection Home library Current library Date acquired Cost, normal purchase price Inventory number Total checkouts Full call number Barcode Date last seen Price effective from Koha item type
          MRSPTU Central Library MRSPTU Central Library   275.00 2742478   621.3 SU-U 32145 08/17/2023 08/17/2023 Book
          MRSPTU Central Library MRSPTU Central Library   275.00 2742478   621.3 SU-U 32146 08/17/2023 08/17/2023 Book
          MRSPTU Central Library MRSPTU Central Library   275.00 2742478   621.3 SU-U 32147 08/17/2023 08/17/2023 Book
          MRSPTU Central Library MRSPTU Central Library   275.00 2742478   621.3 SU-U 32148 08/17/2023 08/17/2023 Book
          MRSPTU Central Library MRSPTU Central Library   275.00 2742478   621.3 SU-U 32149 08/17/2023 08/17/2023 Book

Website Designed and Developed by MRSPTU Central Library Team

E-mail Id: librarian@mrsptu.ac.in